000 00718nam a2200241 i 4500
001 C2-0292793
003 PPAK
005 20180728024758.0
008 090108s2007 nyu |||| ||||| | eng d
020 _a9780385520805
040 _aPPAK
_beng
_cPPAK
_erda
082 0 4 _a303.4833
_223
090 0 0 _a303.4833
_bKEE
_dLCK
100 1 _aKeen, Andrew,
_eauthor
245 1 4 _aThe cult of the amateur :
_bhow today's Internet is killing our culture
264 1 _aNew York :
_bDoubleday ,
_c2007
300 _a228 pages ;
_c22 cm
336 _2rdacontent
_atext
337 _2rdamedia
_aunmediated
338 _2rdacarrier
_avolume
650 1 0 _aInternet - Social aspects ; Internet - Economic aspects
942 _ddc
_cB
999 _c97632
_d97632